[Event "Rheinland Pfalz op 11th"]
[Site "Weilerbach"]
[Date "2019.06.22"]
[Round "6"]
[White "Hesch, Lukas"]
[Black "Boehm, Aljoscha"]
[Result "1/2-1/2"]
[WhiteElo "1433"]
[BlackElo "1637"]
[PlyCount "68"]
[EventDate "2019.06.20"]
[EventType "swiss"]
[EventRounds "7"]
[EventCountry "GER"]
[SourceTitle "CBM 191 Extra"]
[Source "ChessBase"]
[SourceDate "2019.09.30"]
[SourceVersion "1"]
[SourceVersionDate "2019.09.30"]
[SourceQuality "1"]

1. e4 c5 2. Nc3 e6 3. g3 Nc6 4. Bg2 Nge7 5. d3 d5 6. exd5 Nxd5 7. Nge2 g6 8. 0-0 Bg7 9. Nxd5 exd5 10. Re1 0-0 11. Nf4 d4 12. Be4 Rb8 13. Qf3 Re8 14. Bd2 Ne5 15. Qg2 b6 16. h3 Qd7 17. g4 Bb7 18. Bxb7 Rxb7 19. Re2 Rbb8 20. Rae1 c4 21. Qg3 Qc6 22. Qg2 Qb5 23. b3 c3 24. Bc1 a5 25. Nd5 Rbc8 26. f4 Nxd3 27. Rxe8+ Rxe8 28. Rxe8+ Qxe8 29. cxd3 Qe1+ 30. Qf1 Qg3+ 31. Kh1 f5 32. g5 h6 33. Nxb6 hxg5 34. fxg5 Be5 1/2-1/2

[Event "SVR op"]
[Site "Lahnstein"]
[Date "2019.04.18"]
[Round "5"]
[White "Nedilko, Marko"]
[Black "Hesch, Lukas"]
[Result "0-1"]
[WhiteElo "1340"]
[BlackElo "1573"]
[PlyCount "58"]
[EventDate "2019.04.13"]
[EventType "swiss"]
[EventRounds "7"]
[EventCountry "GER"]
[SourceTitle "EXT 2021"]
[Source "ChessBase"]
[SourceDate "2020.10.23"]
[SourceVersion "1"]
[SourceVersionDate "2020.10.23"]
[SourceQuality "1"]

1. e4 e6 2. d4 d5 3. Nc3 Bb4 4. e5 c5 5. Be3 Nc6 6. Nf3 Qb6 7. a3 Bxc3+ 8. bxc3 Qb2 9. dxc5 Qxc3+ 10. Bd2 Qxc5 11. Be3 Qa5+ 12. Bd2 Qc7 13. Be3 Nge7 14. Bd3 Bd7 15. Ng5 h6 16. Nf3 0-0 17. 0-0 Rac8 18. Re1 Rfd8 19. Nh4 Be8 20. Qg4 d4 21. Bd2 Nxe5 22. Rxe5 Qxe5 23. Bxh6 g6 24. Nf3 Qh5 25. Qf4 Nd5 26. Qd2 Bc6 27. Nxd4 Nf6 28. Nxc6 Rxc6 29. Bg5 Ne4 0-1

[Event "SVR op"]
[Site "Lahnstein"]
[Date "2019.04.14"]
[Round "3"]
[White "Sonnhoff, Werner"]
[Black "Hesch, Lukas"]
[Result "1-0"]
[WhiteElo "1691"]
[BlackElo "1573"]
[PlyCount "111"]
[EventDate "2019.04.13"]
[EventType "swiss"]
[EventRounds "7"]
[EventCountry "GER"]
[SourceTitle "EXT 2021"]
[Source "ChessBase"]
[SourceDate "2020.10.23"]
[SourceVersion "1"]
[SourceVersionDate "2020.10.23"]
[SourceQuality "1"]

1. d4 Nf6 2. Bf4 e6 3. e3 d5 4. Nd2 c5 5. c3 Nc6 6. Ngf3 a6 7. Bd3 cxd4 8. exd4 Bd6 9. Bg3 0-0 10. Ne5 Qc7 11. f4 Nd7 12. Qh5 h6 13. Bh4 Ndxe5 14. fxe5 Be7 15. Bxe7 Qxe7 16. Nf3 Bd7 17. 0-0 Be8 18. Qh3 f5 19. exf6 Rxf6 20. Qg3 Bh5 21. Ne5 Nxe5 22. Qxe5 Bf7 23. Rxf6 Qxf6 24. Qc7 b5 25. Rf1 Qg5 26. Qxf7+ Kh8 27. Qxe6 Rd8 28. Qf5 Qxf5 29. Rxf5 Kg8 30. Be2 Rd6 31. Bf3 Kh7 32. Rxd5 Re6 33. Re5 Rxe5 34. dxe5 Kg6 35. Bg4 Kf7 36. Kf2 g6 37. Ke3 Ke7 38. Kd4 h5 39. Bf3 Kd7 40. h4 Kc7 41. Kd5 Kd7 42. Be4 a5 43. Bxg6 b4 44. Bxh5 bxc3 45. bxc3 a4 46. Bg4+ Ke7 47. h5 a3 48. h6 Kf8 49. Kd6 Kg8 50. e6 Kh8 51. e7 Kh7 52. e8Q Kxh6 53. g3 Kh7 54. Bf5+ Kg7 55. Qg6+ Kf8 56. Qh7 1-0

[Event "Rheinland Pfalz op 10th"]
[Site "Nickenich"]
[Date "2018.06.01"]
[Round "3"]
[White "Hesch, Lukas"]
[Black "Englert, Georg"]
[Result "1-0"]
[WhiteElo "1465"]
[BlackElo "1156"]
[PlyCount "137"]
[EventDate "2018.05.31"]
[EventType "swiss"]
[EventRounds "7"]
[EventCountry "GER"]
[SourceTitle "EXT 2019"]
[Source "ChessBase"]
[SourceDate "2018.10.10"]
[SourceVersion "1"]
[SourceVersionDate "2018.10.10"]
[SourceQuality "1"]

1. e4 e5 2. Nf3 Nc6 3. d4 exd4 4. Nxd4 d6 5. Nc3 Nf6 6. Be3 g6 7. Bc4 Bg7 8. 0-0 0-0 9. Qd2 Re8 10. f3 Nxd4 11. Bxd4 Be6 12. Bb3 Bxb3 13. axb3 c5 14. Bxf6 Bxf6 15. Rab1 Bxc3 16. bxc3 Qb6 17. Rfd1 Rad8 18. c4 Re5 19. Qe3 f5 20. Qf4 Qc6 21. exf5 Rxf5 22. Qh4 Rd7 23. Rd2 d5 24. Rbd1 Qe6 25. Qf2 b6 26. g3 h5 27. f4 g5 28. Qf3 d4 29. c3 g4 30. Qf2 Rff7 31. cxd4 cxd4 32. Rxd4 Rxd4 33. Qxd4 Re7 34. Qd5 Kf8 35. Qxe6 Rxe6 36. Kf2 a5 37. Rd5 Rh6 38. Ke3 h4 39. Rd3 hxg3 40. hxg3 Ke7 41. Kd4 Ke6 42. Ke4 Rh5 43. Rd5 Rxd5 44. cxd5+ Kd6 45. f5 b5 46. f6 a4 47. bxa4 bxa4 48. Kd4 Kd7 49. Kc4 Ke8 50. Kb4 Kf7 51. Kxa4 Kxf6 52. Kb5 Ke7 53. Kc6 Kd8 54. Kd6 Kc8 55. Ke7 Kc7 56. d6+ Kb7 57. d7 Kc6 58. d8Q Kc5 59. Qd6+ Kc4 60. Qe5 Kb4 61. Qc7 Kb5 62. Kd6 Kb4 63. Qc5+ Kb3 64. Kd5 Kb2 65. Qc4 Kb1 66. Qe2 Kc1 67. Kc4 Kb1 68. Kb3 Kc1 69. Qe1# 1-0

[Event "Rheinland Pfalz op 10th"]
[Site "Nickenich"]
[Date "2018.06.01"]
[Round "4"]
[White "Michels, Fabio"]
[Black "Hesch, Lukas"]
[Result "1-0"]
[WhiteElo "1741"]
[BlackElo "1465"]
[PlyCount "61"]
[EventDate "2018.05.31"]
[EventType "swiss"]
[EventRounds "7"]
[EventCountry "GER"]
[SourceTitle "EXT 2019"]
[Source "ChessBase"]
[SourceDate "2018.10.10"]
[SourceVersion "1"]
[SourceVersionDate "2018.10.10"]
[SourceQuality "1"]

1. c4 Nf6 2. g3 e6 3. Bg2 c5 4. Nc3 d5 5. cxd5 exd5 6. d4 Be6 7. Bg5 c4 8. Bxf6 Qxf6 9. Nxd5 Bxd5 10. Bxd5 Bb4+ 11. Kf1 Qb6 12. Nf3 c3 13. bxc3 Bxc3 14. Rc1 Qb4 15. Qd3 0-0 16. Qxc3 Qb5 17. Qc4 Qd7 18. Ne5 Qe7 19. Bxf7+ Rxf7 20. Nxf7 Qxf7 21. Qc8+ Qf8 22. Qe6+ Kh8 23. Rc8 Na6 24. Rxf8+ Rxf8 25. d5 h6 26. d6 Nc5 27. Qe7 Rg8 28. d7 Nxd7 29. Qxd7 g5 30. Kg2 g4 31. Rd1 1-0

[Event "SVR-op"]
[Site "Heimbach Weis"]
[Date "2017.04.08"]
[Round "1"]
[White "Hesch, Lukas"]
[Black "Reitz, Theresa"]
[Result "0-1"]
[WhiteElo "1065"]
[BlackElo "1663"]
[PlyCount "162"]
[EventDate "2017.04.08"]
[EventType "swiss"]
[EventRounds "7"]
[EventCountry "GER"]
[SourceTitle "EXT 2020"]
[Source "ChessBase"]
[SourceDate "2019.10.17"]
[SourceVersion "1"]
[SourceVersionDate "2019.10.17"]
[SourceQuality "1"]

1. e4 c5 2. Nf3 e6 3. d4 cxd4 4. Nxd4 a6 5. Nc3 Qc7 6. Be3 Nf6 7. Bd3 b5 8. a3 Bb7 9. f3 d5 10. exd5 Nxd5 11. Nxd5 Bxd5 12. 0-0 Bd6 13. f4 Nd7 14. Qd2 Nc5 15. Be2 Ne4 16. Qe1 Nf6 17. Qg3 0-0 18. Bf3 Bxf3 19. Qxf3 Nd5 20. g3 Rfd8 21. Rac1 Nxe3 22. Qxe3 Bc5 23. c3 Qb6 24. Rcd1 Rac8 25. Rf2 f6 26. b4 Be7 27. Rfd2 Rc4 28. Rd3 Kf7 29. Kf2 Rdc8 30. Ne2 Qxe3+ 31. Kxe3 f5 32. Rd4 R4c6 33. Kd2 Bf6 34. Rd3 e5 35. fxe5 Bxe5 36. Rc1 Rc4 37. Rd5 Ke6 38. Rd3 R4c6 39. Re1 Kf6 40. Rf1 g6 41. Rff3 a5 42. Rd7 axb4 43. axb4 R6c7 44. Rxc7 Rxc7 45. Nf4 Bxf4+ 46. Rxf4 Ra7 47. Kd3 g5 48. Rf2 Rd7+ 49. Ke3 Ke5 50. Rg2 f4+ 51. gxf4+ gxf4+ 52. Ke2 Ke4 53. Rg5 f3+ 54. Kf2 Rd2+ 55. Kg1 Rg2+ 56. Rxg2 fxg2 57. Kxg2 Kd3 58. Kf2 Kxc3 59. Ke2 Kxb4 60. Kd1 Kb3 61. Kd2 Kb2 62. Kd3 b4 63. Kc4 b3 64. Kd3 Kc1 65. Ke4 b2 66. Ke5 b1Q 67. Kf4 Qb8+ 68. Kf5 Qxh2 69. Ke4 Qg2+ 70. Kf4 h5 71. Ke5 h4 72. Kd4 h3 73. Ke5 h2 74. Kd4 h1R 75. Ke5 Rf1 76. Kd4 Qe2 77. Kc5 Rd1 78. Kb4 Rd8 79. Ka3 Qb5 80. Ka2 Rb8 81. Ka1 Qb1# 0-1